[Event "San Francisco TNM Spring op"]
[Site "San Francisco"]
[Date "2015.03.31"]
[Round "3"]
[White "Chalissery, Jossy"]
[Black "Simpkins, Jerry"]
[Result "0-1"]
[WhiteElo "1706"]
[BlackElo "1478"]
[PlyCount "42"]
[EventDate "2015.03.17"]
[EventType "swiss"]
[EventRounds "8"]
[EventCountry "USA"]
[SourceTitle "EXT 2016"]
[Source "ChessBase"]
[SourceDate "2015.10.08"]
[SourceVersion "1"]
[SourceVersionDate "2015.10.08"]
[SourceQuality "1"]

1. d4 e5 2. dxe5 Nc6 3. Nf3 Qe7 4. Bf4 Qb4+ 5. Bd2 Qxb2 6. Nc3 Nb4 7. Rc1 Nxa2 8. Nxa2 Qxa2 9. e4 d6 10. exd6 Bxd6 11. Be2 Ne7 12. 0-0 0-0 13. c4 Ng6 14. Bc3 Qa3 15. Qd4 f6 16. Qd5+ Kh8 17. Qd4 Nf4 18. Qd2 Be6 19. Ra1 Qxc3 20. Rfc1 Qxd2 21. Nxd2 Nxe2+ 0-1

[Event "San Francisco TNM Summer op"]
[Site "San Francisco"]
[Date "2014.07.08"]
[Round "7"]
[White "Chalissery, Jossy"]
[Black "Shakhnazarov, Oleg"]
[Result "1-0"]
[WhiteElo "1723"]
[BlackElo "2193"]
[PlyCount "97"]
[EventDate "2014.05.27"]
[EventType "swiss"]
[EventRounds "8"]
[EventCountry "USA"]
[SourceTitle "EXT 2016"]
[Source "ChessBase"]
[SourceDate "2015.10.08"]
[SourceVersion "1"]
[SourceVersionDate "2015.10.08"]
[SourceQuality "1"]

1. d4 Nf6 2. c4 e6 3. Nc3 d5 4. cxd5 exd5 5. Bg5 Be7 6. e3 h6 7. Bh4 c6 8. Bd3 Nbd7 9. Qc2 a6 10. a3 0-0 11. Nf3 Re8 12. 0-0 b6 13. b4 a5 14. b5 c5 15. dxc5 bxc5 16. Rfd1 Bb7 17. Be2 Nb6 18. Rd2 Qc7 19. Bg3 Bd6 20. Bxd6 Qxd6 21. a4 Qe5 22. Nxe5 Rxe5 23. Bf3 Rae8 24. h3 g5 25. g4 Kg7 26. Ne2 Nc4 27. Rd3 h5 28. Ng3 hxg4 29. hxg4 Rh8 30. Nf5+ Kg8 31. Qc3 Rxf5 32. gxf5 d4 33. exd4 Bxf3 34. Rxf3 g4 35. Rg3 Nd6 36. f3 Nxf5 37. Rxg4+ Nxg4 38. fxg4 Nxd4 39. Re1 Rh4 40. Re8+ Kg7 41. Re4 Kg6 42. Rxd4 cxd4 43. Qxd4 Kg5 44. b6 Rh3 45. Qc5+ Kf4 46. Qc7+ Kxg4 47. Qc8+ Kh4 48. b7 Ra3 49. b8Q 1-0

[Event "San Francisco TNM Summer op"]
[Site "San Francisco"]
[Date "2014.06.24"]
[Round "5"]
[White "James, Charles"]
[Black "Chalissery, Jossy"]
[Result "0-1"]
[WhiteElo "1517"]
[BlackElo "1723"]
[PlyCount "83"]
[EventDate "2014.05.27"]
[EventType "swiss"]
[EventRounds "8"]
[EventCountry "USA"]
[SourceTitle "EXT 2016"]
[Source "ChessBase"]
[SourceDate "2015.10.08"]
[SourceVersion "1"]
[SourceVersionDate "2015.10.08"]
[SourceQuality "1"]

1. d4 Nf6 2. c4 g6 3. f3 Nc6 4. e4 e5 5. dxe5 Nxe5 6. Nc3 Bg7 7. Be3 d6 8. Qd2 Be6 9. Nd5 c6 10. Nxf6+ Bxf6 11. b3 Nxf3+ 12. Nxf3 Bxa1 13. Bd3 Qf6 14. 0-0 Bc3 15. Qf2 c5 16. Bg5 Qxg5 17. Nxg5 Bd4 18. Qxd4 cxd4 19. Nf3 Ke7 20. Nxd4 a6 21. Nf3 h6 22. h3 Rac8 23. Nd4 Rc5 24. Nc2 f5 25. Ne3 Rf8 26. Nd5+ Bxd5 27. exd5 Re8 28. g4 fxg4 29. Bxg6 Rf8 30. Re1+ Kf6 31. Re6+ Kg5 32. hxg4 Rf6 33. Bf5 Rc7 34. b4 h5 35. Re4 hxg4 36. Bxg4 Rf4 37. Rxf4 Kxf4 38. Be2 Ke3 39. Kf1 Kd4 40. a4 Rxc4 41. Bxc4 Kxc4 42. b5 0-1

[Event "San Francisco TNM Summer op"]
[Site "San Francisco"]
[Date "2014.06.03"]
[Round "2"]
[White "Chalissery, Jossy"]
[Black "Simpkins, Jerry"]
[Result "1-0"]
[WhiteElo "1723"]
[BlackElo "1478"]
[PlyCount "81"]
[EventDate "2014.05.27"]
[EventType "swiss"]
[EventRounds "8"]
[EventCountry "USA"]
[SourceTitle "EXT 2016"]
[Source "ChessBase"]
[SourceDate "2015.10.08"]
[SourceVersion "1"]
[SourceVersionDate "2015.10.08"]
[SourceQuality "1"]

1. d4 d5 2. c4 e6 3. Nc3 Nf6 4. cxd5 exd5 5. Qc2 c6 6. Bg5 Be7 7. e3 Be6 8. Bd3 Nbd7 9. a3 Ng4 10. Bxe7 Qxe7 11. Nf3 Ngf6 12. h3 Rc8 13. b4 0-0 14. Ng5 h6 15. Nf3 Ne8 16. Ne2 Nd6 17. 0-0 Qf6 18. Nf4 g5 19. Nh5 Qe7 20. Ng3 f5 21. Nh2 Ne4 22. Ne2 Qd6 23. f4 Qe7 24. Nf3 Qg7 25. Kh2 Ndf6 26. Ne5 g4 27. Bxe4 Nxe4 28. hxg4 fxg4 29. Ng3 Bf5 30. Nxe4 g3+ 31. Kg1 Bxe4 32. Qe2 Bf5 33. Qh5 Rf6 34. Qh4 h5 35. Rf3 Qh6 36. Rxg3+ Kh7 37. Rg5 Bg6 38. Nxg6 Kg7 39. Ne5+ Kf8 40. Nd7+ Ke7 41. Nxf6 1-0

[Event "San Francisco TNM Spring op"]
[Site "San Francisco"]
[Date "2011.03.23"]
[Round "2"]
[White "Chalissery, Jossy"]
[Black "Allen, Tom"]
[Result "0-1"]
[WhiteElo "1737"]
[BlackElo "1455"]
[PlyCount "88"]
[EventDate "2011.03.15"]
[EventType "swiss"]
[EventRounds "8"]
[EventCountry "USA"]
[SourceTitle "EXT 2012"]
[Source "ChessBase"]
[SourceDate "2011.11.24"]
[SourceVersion "1"]
[SourceVersionDate "2011.11.24"]
[SourceQuality "1"]

1. b3 e5 2. Bb2 Nc6 3. e3 Nf6 4. Bb5 Bd6 5. c4 a6 6. Bxc6 dxc6 7. c5 Bxc5 8. Bxe5 0-0 9. Ne2 Re8 10. Bb2 Bg4 11. d4 Bb4+ 12. Bc3 Bd6 13. Nd2 Nd5 14. Nf3 Bxf3 15. gxf3 Qf6 16. e4 Qxf3 17. exd5 Qxh1+ 18. Kd2 Qxh2 19. dxc6 Qxf2 20. Qe1 Qe3+ 21. Kd1 bxc6 22. Qd2 Qxd2+ 23. Kxd2 Re7 24. Rg1 f6 25. Rg2 Kf7 26. Ng3 Bxg3 27. Rxg3 h5 28. Bb4 Re6 29. Rh3 Rh8 30. Kd3 h4 31. Ba5 g5 32. Bxc7 g4 33. Rh1 h3 34. b4 f5 35. a3 Kg6 36. Bf4 Rhe8 37. Rc1 Kh5 38. Rc5 Rf8 39. Bg3 Kg5 40. Ra5 Ra8 41. Rc5 Rh6 42. Bh2 g3 43. Bxg3 h2 44. Bxh2 Rxh2 0-1

[Event "San Francisco TNM Fall op"]
[Site "San Francisco"]
[Date "2010.11.16"]
[Round "5"]
[White "Chalissery, Jossy"]
[Black "Wang, Yuan1111"]
[Result "0-1"]
[WhiteElo "1698"]
[BlackElo "1894"]
[PlyCount "82"]
[EventDate "2010.10.20"]
[EventType "swiss"]
[EventRounds "9"]
[EventCountry "USA"]
[SourceTitle "EXT 2012"]
[Source "ChessBase"]
[SourceDate "2011.11.24"]
[SourceVersion "1"]
[SourceVersionDate "2011.11.24"]
[SourceQuality "1"]

1. b3 d5 2. Bb2 Nf6 3. e3 Bf5 4. c4 e6 5. Nc3 Be7 6. cxd5 exd5 7. Nf3 0-0 8. Be2 Nbd7 9. 0-0 c6 10. Nh4 Be6 11. f4 Nc5 12. Nf3 Bf5 13. Ne5 d4 14. Na4 Nxa4 15. bxa4 dxe3 16. dxe3 Bc5 17. Qb3 Qe7 18. Rac1 Nd5 19. Rf3 f6 20. Rxc5 Qxc5 21. Ba3 Qa5 22. Nc4 Qe1+ 23. Bf1 Rfe8 24. Nd6 Bg4 25. Rf2 b6 26. Nxe8 Rxe8 27. h3 Rxe3 28. Qb2 Bd7 29. Re2 Rxe2 30. Qxe2 Qxe2 31. Bxe2 Nxf4 32. Bf3 c5 33. a5 Be6 34. axb6 axb6 35. Bc1 Nd3 36. Be3 Bxa2 37. Bc6 h6 38. Bb5 Ne5 39. Kf2 Kf7 40. Ke2 Bc4+ 41. Bxc4+ Nxc4 0-1

[Event "San Francisco TNM Peter Grey op"]
[Site "San Francisco"]
[Date "2010.08.17"]
[Round "3"]
[White "Klinetobe, David"]
[Black "Chalissery, Jossy"]
[Result "1-0"]
[WhiteElo "2010"]
[BlackElo "1689"]
[PlyCount "115"]
[EventDate "2010.08.03"]
[EventType "swiss"]
[EventRounds "9"]
[EventCountry "USA"]
[SourceTitle "EXT 2012"]
[Source "ChessBase"]
[SourceDate "2011.11.24"]
[SourceVersion "1"]
[SourceVersionDate "2011.11.24"]
[SourceQuality "1"]

1. e4 b6 2. d4 Bb7 3. Bd3 e6 4. Qe2 Nf6 5. Nf3 c5 6. c3 d5 7. e5 Nfd7 8. 0-0 Be7 9. Be3 Nc6 10. a3 a5 11. b3 Qc8 12. Nbd2 Ba6 13. Ne1 Bxd3 14. Nxd3 Nd8 15. Qg4 g6 16. Rfc1 h5 17. Qg3 Nb7 18. Nf3 Qd8 19. Ng5 Nf8 20. h4 Nh7 21. Nxh7 Rxh7 22. Bg5 Bxg5 23. hxg5 Qe7 24. Qf4 h4 25. Qe3 Kd7 26. f4 Rah8 27. Qh3 Rc8 28. b4 c4 29. Ne1 a4 30. Nf3 Rch8 31. Nh2 Rc8 32. Kf2 Rhh8 33. Nf3 b5 34. Nxh4 Rh7 35. Rh1 Rch8 36. Qg4 Nd8 37. Rh3 Qf8 38. Rah1 Qg7 39. Nf3 Nc6 40. Rxh7 Rxh7 41. Rh4 Ne7 42. Qh3 Rxh4 43. Qxh4 Nf5 44. Qh3 Ne7 45. Nh2 Kc7 46. Ng4 Kd8 47. Nf6 Ng8 48. Kf3 Nxf6 49. gxf6 Qg8 50. Qh6 Qe8 51. Qg7 Kd7 52. Kg4 Kd8 53. Kg5 Kd7 54. Kh6 Kd8 55. Kh7 Kd7 56. Qg8 Qxg8+ 57. Kxg8 Ke8 58. Kg7 1-0

[Event "San Francisco TNM Peter Grey op"]
[Site "San Francisco"]
[Date "2010.08.03"]
[Round "1"]
[White "Shakhnazarov, Oleg"]
[Black "Chalissery, Jossy"]
[Result "1-0"]
[WhiteElo "2175"]
[BlackElo "1689"]
[PlyCount "53"]
[EventDate "2010.08.03"]
[EventType "swiss"]
[EventRounds "9"]
[EventCountry "USA"]
[SourceTitle "EXT 2012"]
[Source "ChessBase"]
[SourceDate "2011.11.24"]
[SourceVersion "1"]
[SourceVersionDate "2011.11.24"]
[SourceQuality "1"]

1. e4 b6 2. d4 Bb7 3. Nc3 e6 4. a3 d5 5. e5 c5 6. Nf3 Nd7 7. Nb5 cxd4 8. Nbxd4 a6 9. Bd3 Bc5 10. c3 h5 11. 0-0 Nh6 12. Re1 Qc7 13. Ng5 0-0-0 14. Qe2 Nb8 15. Bd2 Rde8 16. Rac1 Qd7 17. b4 Be7 18. c4 Kd8 19. c5 b5 20. a4 Nc6 21. Ngf3 Nxd4 22. Nxd4 Nf5 23. Nxf5 exf5 24. axb5 axb5 25. Bxb5 Bc6 26. Bxc6 Qxc6 27. b5 1-0

[Event "San Francisco TNM Summer op"]
[Site "San Francisco"]
[Date "2010.07.13"]
[Round "8"]
[White "Panchanatham, Vignesh"]
[Black "Chalissery, Jossy"]
[Result "1-0"]
[WhiteElo "1869"]
[BlackElo "1689"]
[PlyCount "79"]
[EventDate "2010.05.25"]
[EventType "swiss"]
[EventRounds "8"]
[EventCountry "USA"]
[SourceTitle "EXT 2012"]
[Source "ChessBase"]
[SourceDate "2011.11.24"]
[SourceVersion "1"]
[SourceVersionDate "2011.11.24"]
[SourceQuality "1"]

1. e4 d5 2. exd5 Qxd5 3. Nc3 Qa5 4. Nf3 Nf6 5. d4 c6 6. Bd2 Qb6 7. Rb1 Bf5 8. Bc4 e6 9. 0-0 Bd6 10. Be3 Qc7 11. h3 0-0 12. Bd3 Bxd3 13. Qxd3 Nbd7 14. Ng5 h6 15. Nge4 Be7 16. f4 Nxe4 17. Nxe4 Nf6 18. Nxf6+ Bxf6 19. f5 e5 20. dxe5 Qxe5 21. Kh1 Rfd8 22. Qb3 b6 23. Bf4 Qd5 24. Qg3 Kh7 25. b3 c5 26. Rbe1 Re8 27. Rd1 Qe4 28. Qg4 Qe2 29. Qxe2 Rxe2 30. Rd2 Rxd2 31. Bxd2 Re8 32. Re1 Rxe1+ 33. Bxe1 Be5 34. g4 g6 35. Kg2 h5 36. Kf3 hxg4+ 37. hxg4 gxf5 38. gxf5 Kg7 39. Ke4 Kf6 40. Bh4+ 1-0

[Event "San Francisco TNM Summer op"]
[Site "San Francisco"]
[Date "2010.07.06"]
[Round "7"]
[White "Chalissery, Jossy"]
[Black "Shnaiderman, Lazar"]
[Result "1/2-1/2"]
[WhiteElo "1689"]
[BlackElo "1878"]
[PlyCount "56"]
[EventDate "2010.05.25"]
[EventType "swiss"]
[EventRounds "8"]
[EventCountry "USA"]
[SourceTitle "EXT 2012"]
[Source "ChessBase"]
[SourceDate "2011.11.24"]
[SourceVersion "1"]
[SourceVersionDate "2011.11.24"]
[SourceQuality "1"]

1. Nf3 Nf6 2. g3 b6 3. Bg2 Bb7 4. 0-0 e6 5. d3 Be7 6. e4 c5 7. Re1 Nc6 8. Nbd2 0-0 9. b3 Qc7 10. Bb2 d6 11. Nc4 d5 12. exd5 exd5 13. Nce5 d4 14. Nc4 Bd6 15. Nxd6 Qxd6 16. Ng5 Rfe8 17. Ne4 Nxe4 18. Bxe4 Na5 19. Bxb7 Nxb7 20. Qf3 Na5 21. Re4 Rxe4 22. Qxe4 Qc6 23. Re1 Qxe4 24. Rxe4 Nc6 25. a3 Kf8 26. Bc1 Re8 27. Rxe8+ Kxe8 28. Bf4 Kd7 1/2-1/2

[Event "San Francisco TNM Summer op"]
[Site "San Francisco"]
[Date "2010.05.25"]
[Round "2"]
[White "Chalissery, Jossy"]
[Black "Cole, Tony"]
[Result "1-0"]
[WhiteElo "1689"]
[BlackElo "1287"]
[PlyCount "161"]
[EventDate "2010.05.25"]
[EventType "swiss"]
[EventRounds "8"]
[EventCountry "USA"]
[SourceTitle "EXT 2012"]
[Source "ChessBase"]
[SourceDate "2011.11.24"]
[SourceVersion "1"]
[SourceVersionDate "2011.11.24"]
[SourceQuality "1"]

1. Nf3 Nf6 2. g3 Nc6 3. Bg2 d5 4. d3 e5 5. Nbd2 Bf5 6. 0-0 Qd7 7. Re1 0-0-0 8. Nh4 g5 9. Nxf5 Qxf5 10. e4 Qg6 11. exd5 Nxd5 12. a3 g4 13. Nc4 f6 14. Ne3 Nxe3 15. Bxe3 f5 16. Bd2 Bg7 17. Bc3 h5 18. Bxc6 Qxc6 19. Bxe5 Rh7 20. Bxg7 Rxg7 21. Qe2 Kb8 22. Qe5 Qg6 23. Qe6 Qh7 24. Re5 Rf7 25. Rae1 b6 26. Qc6 Rfd7 27. Re8 Qg7 28. b4 Qf7 29. Qe6 Qxe6 30. R1xe6 Kc8 31. Rxd8+ Kxd8 32. Rh6 Ke7 33. Rxh5 Kf6 34. Rh6+ Kg7 35. Re6 Kf7 36. Re3 Rd6 37. f4 a6 38. c3 Rc6 39. d4 Rd6 40. Kf1 Rh6 41. Kg2 Rc6 42. d5 Rc4 43. Kf2 a5 44. Ke2 axb4 45. axb4 Kf6 46. Kd3 b5 47. Re8 Re4 48. Rxe4 fxe4+ 49. Kxe4 Kg6 50. Ke5 Kf7 51. Kf5 Ke7 52. Ke5 Kd7 53. f5 Ke7 54. f6+ Kf7 55. d6 cxd6+ 56. Kxd6 Kxf6 57. Kc6 Ke7 58. Kxb5 Kd8 59. Kc6 Kc8 60. b5 Kb8 61. c4 Kc8 62. b6 Kb8 63. c5 Ka8 64. Kd5 Kb7 65. Ke4 Kc6 66. Kf4 Kb7 67. Kxg4 Kc6 68. h4 Kb7 69. h5 Kc6 70. h6 Kb7 71. h7 Kb8 72. h8Q+ Kb7 73. Qf6 Ka6 74. b7+ Kxb7 75. Qb6+ Ka8 76. Qd6 Kb7 77. c6+ Ka7 78. Qd7+ Ka6 79. c7 Ka7 80. c8R+ Kb6 81. Qc6+ 1-0